| 000 | 00470nam a2200169 i 4500 | ||
|---|---|---|---|
| 001 | 86395 | ||
| 003 | ES-MaACL | ||
| 005 | 20230906175434.0 | ||
| 007 | t| | ||
| 008 | 041210s1972 sp ||||1| spa d | ||
| 100 | 1 |
_aKarmel, Ilona. _967570 |
|
| 245 | 1 | 0 |
_aStephania / _cIlona Karmel ; [versión de B. Carrasco]. |
| 260 |
_aBarcelona : _bLuis de Caralt, _c[1972] |
||
| 300 |
_a364 p. ; _c20 cm. |
||
| 700 | 1 |
_aCarrasco, B. _935521 |
|
| 852 |
_aES-MaACL _jC-42801 _bR.81586 |
||
| 999 |
_c86395 _d86395 |
||